<?xml version="1.0" encoding="UTF-8"?>
<marc:record xmlns:marc="http://www.loc.gov/MARC21/slim">
   <marc:leader>00000nam a2200000 a 4500</marc:leader>
   <marc:datafield ind1="1" ind2=" " tag="100">
      <marc:subfield code="a">Thiemeyer, Thomas</marc:subfield>
      <marc:subfield code="4">aut</marc:subfield>
      <marc:subfield code="e">Verfasser/-in</marc:subfield>
   </marc:datafield>
   <marc:datafield ind1="0" ind2="0" tag="245">
      <marc:subfield code="a">Das verbotene Eden</marc:subfield>
   </marc:datafield>
   <marc:datafield ind1="0" ind2="0" tag="245">
      <marc:subfield code="c">Thomas Thiemeyer</marc:subfield>
   </marc:datafield>
   <marc:datafield ind1=" " ind2="1" tag="264">
      <marc:subfield code="a">München</marc:subfield>
      <marc:subfield code="b">Knaur</marc:subfield>
      <marc:subfield code="c">2012</marc:subfield>
   </marc:datafield>
   <marc:datafield ind1="1" ind2=" " tag="520">
      <marc:subfield code="a">Angaben aus der Verlagsmeldung

Das verbotene Eden: Logan und Gwen : Roman / von Thomas Thiemeyer

Seit Juna aus dem Land der Frauen geflohen ist – mit einem Mann –, fühlt sich die junge Heilerin Gwen einsam und nichtswürdig. Sie schließt sich einem Spähtrupp an, der durch verlassene U-Bahn-Schächte in die Stadt der Männer vordringen soll. Doch der Einsatz scheitert grausam, und Gwen fällt in die Hände des jungen Kämpfers Logan, der sie als Sklavin verkaufen will. Logan aber hat die Rechnung ohne seine Gefühle gemacht – und setzt damit Ereignisse in Gang, die das Ende beider Welten bedeuten könnten …
</marc:subfield>
   </marc:datafield>
   <marc:datafield ind1=" " ind2=" " tag="020">
      <marc:subfield code="a">9783426653258</marc:subfield>
      <marc:subfield code="9">9783426653258</marc:subfield>
   </marc:datafield>
   <marc:datafield ind1=" " ind2=" " tag="020">
      <marc:subfield code="a">3426653257</marc:subfield>
      <marc:subfield code="9">3426653257</marc:subfield>
   </marc:datafield>
   <marc:datafield ind1=" " ind2=" " tag="300">
      <marc:subfield code="a">463 S.</marc:subfield>
   </marc:datafield>
</marc:record>
